000 00639nam a2200241Ia 4500
003 OSt
005 20220926002453.0
006 a|||||r|||| 00| 0
007 ta
008 220923b |||||||| |||| 00| 0 eng d
037 _cGeneral Book
040 _aRTL
_cRTL
_beng
041 _2eng
_aeng
082 _aWxC6, J8;L9
100 _aKRISHNA RAO M V
_9103062
245 0 _aStudies in Kautilya
250 _a3
260 _a New Delhi
_bMunshiram Manoharlal
_c1979
300 _avii, 171p
_ccm.
650 _aPolitical Science
942 _hWxC6, J8;L9
_cGB
_2CC
999 _c605154
_d605154